01379agaaa2200277 45000010005000000030009000050050017000140070009000310080040000400400023000800410013001031000053001161300035001692450119002042500022003232600123003453000034004685200136005025380009006385460013006476500067006607000065007279420012007929990019008049520278008230538IT-RoPAU20220918181308.0d cvaizq50131s9999||||xx ||| | || ||und|| aIT-RoPAUcIT-RoPAU aITALIANO aMonge AttiliogCodice regista SPICS: 3643955337 aFAMIGLIA PICCOLA CHIESA955338 aFAMIGLIA PICCOLA CHIESAcDiretto da: Monge AttiliopFAMIGLIA PICCOLA CHIESA (Rif. Codice opera principale : V0538) aEdizione Standard aROMA (ITALIA)bSAMPAOLO FILM AUDIOVISIVI / Distribuzione: SPF FIRENZEg"1980 (1° ed.: 1993 ; Ed. Lingua Orig.: 1980)" a16MMbsonoro, col.c18 minuti aIL CORTOMETRAGGIO COMMENTA L'ESORTAZIONE APOSTOLICA FAMILIARIS CONSORTIO DI PAPA GIOVANNI PAOLO II RIPORTANDONE I BRANI ESSENZIALI. aMONO aITALIANO aRELIGIOSOePELLICOLE [16MM]xCodice MATERIA SPICS: 9956943912 aMonge Attilio e(regista)gCodice regista SPICS: 3643955339 cMM2ddc c108333d108333 0010406V_0538_00000000000000071aSPICSbSPICSd2015-01-31l0oV0538r2015-01-31 00:00:00w2015-01-31yMMzProgr. Ins.: 870 / N.Vol.:1 / Copie: 2 / Pag.:0 / Copia rara: n.d. / date import: 1.2.2015 / By Epidotti, Trombetti, Vaglietti - CUSTODITA PRESSO FILMOTECA VATICANA